Noam Chomsky /

Bibliographic Details
Other Authors: Edgley, Alison, 1963- (Editor)
Format: Book
Language:English
Published: Houndmills, Basingstoke, Hampshire ; New York : Palgrave Macmillan, 2015.
Series:Critical explorations in contemporary political thought series.
Subjects:

MARC

Tag First Indicator Second Indicator Subfields
LEADER 00000cam a2200000 i 4500
001 in00003589430
005 20170928133907.0
008 150425s2015 enk b 001 0 eng
010 |a  2015013151 
020 |a 9781137320209 
020 |a 1137320206 
024 8 |a 40025184835 
035 |a (OCoLC)ocn908698970 
035 |a (OCoLC)908698970 
040 |a DLC  |b eng  |e rda  |c DLC  |d YDX  |d BTCTA  |d BDX  |d YDXCP  |d OCLCO  |d CDX  |d UtOrBLW 
042 |a pcc 
049 |a TXAM 
050 0 0 |a P85.C47  |b C463 2015 
082 0 0 |a 410.92  |2 23 
245 0 0 |a Noam Chomsky /  |c edited by Alison Edgley, Associate Professor, School of Health Sciences, University of Nottingham. 
264 1 |a Houndmills, Basingstoke, Hampshire ;  |a New York :  |b Palgrave Macmillan,  |c 2015. 
300 |a xii, 196 pages ;  |c 23 cm. 
336 |a text  |b txt  |2 rdacontent 
337 |a unmediated  |b n  |2 rdamedia 
338 |a volume  |b nc  |2 rdacarrier 
490 1 |a Critical explorations in contemporary political thought 
504 |a Includes bibliographical references and index. 
600 1 0 |a Chomsky, Noam  |x Political and social views. 
700 1 |a Edgley, Alison,  |d 1963-  |e editor.  |0 http://id.loc.gov/authorities/names/n99281769 
830 0 |a Critical explorations in contemporary political thought series.  |0 http://id.loc.gov/authorities/names/no2011172816 
938 |a Baker and Taylor  |b BTCP  |n BK0017108736 
938 |a Brodart  |b BROD  |n 112850006 
938 |a YBP Library Services  |b YANK  |n 12354322 
938 |a Coutts Information Services  |b COUT  |n 31256122 
947 |a A14842902539 
945 |a PromptCat  |b 319601 
946 |a stk 
994 |a 92  |b TXA 
948 |a Cataloged  |b h  |c 2015/9/18  |d c  |e AReeder 
999 f f |s 72e30688-f2e7-35ef-991a-9f1c2d994ce4  |i b8df8d23-c897-31be-8392-2a4e3c4ecc99  |t 0 
952 f f |p normal  |a Texas A&M University  |b College Station  |c Sterling C. Evans Library  |d Evans: Library Stacks  |t 0  |e P85.C47 C463 2015  |h Library of Congress classification  |i unmediated -- volume  |m A14842902539 
998 f f |a P85.C47 C463 2015  |t 0  |l Evans: Library Stacks